Taylor Swift song titles in other songs 3 - Statistics

General Stats
  • This quiz has been taken 39 times
  • The average score is 4 of 11
Answer Stats
Lyric Song(s) % Correct
'karma' Look What You Made Me Do
71%
'dress' Tim McGraw | Fearless | Love Story | The Other Side Of The Door | Today Was A Fairytale | Dear John | 22 | Holy Ground | The Moment I Knew | Wildest Dreams | Clean | Is It Over Now? | Miss Americana & The Heartbreak Prince | Death By A Thousand Cuts | happiness | Vigilante Shit | But Daddy I Love Him
67%
'cardigan' betty
63%
'fifteen' Timeless | no body, no crime | it's time to go | Question...?
42%
'love story' Getaway Car
29%
'breathe' Teardrops On My Guitar | You All Over Me | Haunted | Last Kiss | Electric Touch | Forever Winter | Bad Blood | Clean | Paper Rings | mad woman | epiphany | betty
29%
'ours' Death By A Thousand Cuts | 'tis the damn season
25%
'our song' Hits Different
25%
'wildest dreams' This Love
25%
'innocent' You're Not Sorry | Babe
25%
'babe' Superstar | The Other Side Of The Door | I Almost Do | Wildest Dreams | Delicate | New Year's Day | False God | It's Nice To Have A Friend | my tears ricochet | 'tis the damn season | You're Losing Me | imgonnagetyouback | So High School
21%
No matching quizzes found
Score Distribution
Percent of People with Each Score
Percentile by Number Answered
Your Score History
You have not taken this quiz